LEADER 01010nam a22002411i 4500 001 991002006309707536 005 20040116145253.0 008 040407s1982 it |||||||||||||||||ita 035 $ab1285654x-39ule_inst 035 $aARCHE-083616$9ExL 040 $aDip.to Scienze Storiche$bita$cA.t.i. Arché s.c.r.l. Pandora Sicilia s.r.l. 082 04$a914 100 1 $aDe Santis, Giovanni$d<1949- >$0238733 245 10$aFiere e mercati periodici nella provincia di Terni =$bfairs and periodical markets in the province of Terni /$cGiovanni De Santis 260 $a[S.l. :$bs.n.,$c1982?] 300 $aP. 35-40 ;$c30 cm. 500 $aEstr. da: Geografia, n. 1 (1982). 907 $a.b1285654x$b02-04-14$c16-04-04 912 $a991002006309707536 945 $aLE009 GEOG.MISC. 4/21$g1$i2009000316362$lle009$o-$pE0.00$q-$rn$so $t0$u0$v0$w0$x0$y.i13416364$z16-04-04 996 $aFiere e mercati periodici nella provincia di Terni$9303147 997 $aUNISALENTO 998 $ale009$b16-04-04$cm$da $e-$fita$git $h0$i1 LEADER 01118nam0 22002771i 450 001 UON00424353 005 20231205104840.513 100 $a20130513f1980 |0itac50 ba 101 $aita 102 $aIT 105 $a|||| 1|||| 200 1 $aAnalisi dell'incubo$el'utopia negativa da Swift alla fantascienza$fDaniela Guardamagna 210 $aRoma$cBulzoni$dc1980 215 $a239 p.$d21 cm. 410 1$1001UON00066311$12001 $aStudi e Ricerche$1210 $aRoma$cBulzoni$v10 606 $aUTOPIA NELLA LETTERATURA$3UONC039846$2FI 620 $aIT$dRoma$3UONL000004 676 $a809.933$cLetteratura con specifiche caratteristiche. Su temi e soggetti specifici$v21 700 1$aGUARDAMAGNA$bDaniela$3UONV201836$0325469 712 $aBulzoni$3UONV265597$4650 801 $aIT$bSOL$c20240220$gRICA 899 $aSIBA - SISTEMA BIBLIOTECARIO DI ATENEO$2UONSI 912 $aUON00424353 950 $aSIBA - SISTEMA BIBLIOTECARIO DI ATENEO$dSI Angl VII 0589 $eSI LO 18654 5 0589 996 $aAnalisi dell'incubo$9100082 997 $aUNIOR